000 00318nam a2200145Ia 4500
005 20251222141924.0
008 251222s9999||||xx |||||||||||||| ||spa||
020 _a84-348-1139-1
082 _a839.31/B34
100 _aBeckman, Thea
245 0 _aCruzada en Jeans
250 _a20a.ed.
264 _bSM
942 _cLIB
999 _c8816
_d8816